000 00858nam a2200253Ia 4500
003 OSt
005 20221005112412.0
006 a|||||r|||| 00| 0
007 ta
008 221004b |||||||| |||| 00| 0 pan d
020 _c100
024 _a11589
037 _b820, 13/03/2014, H.K. Prakashan
_cTextual
040 _aCRL
_cCRL
_bpan
041 _2pan
_apan
082 _aNR, 153Q0
100 _aਪੰਨੀਵਾਲੀਆ, ਭੁਪਿੰਦਰ
245 0 _aਬ੍ਰਿਹੋ੍ਵ ਭਿੱਜਾ ਗੀਤ
260 _aਸਿਰਸਾ
_bਤਸਵੀਰ ਪ੍ਰਕਾFਨ ਭਾਰਤ
_c2010
300 _a96ਪੰ
_ccm.
650 _aਪੰਜਾਬੀ ਸਾਹਿਤ
942 _hNR, 153Q0
_cTEXL
_2cc
999 _c1024773
_d1024773